For better and for worse. (Record no. 82274)

MARC details
000 -LEADER
fixed length control field 00644cab a22001935a 4500
001 - CONTROL NUMBER
control field L149766
008 - FIXED-LENGTH DATA ELEMENTS--GENERAL INFORMATION
fixed length control field 100421e20101004xxk 000 0 eng d
035 ## - SYSTEM CONTROL NUMBER
System control number (Sirsi) u149766
041 0# - LANGUAGE CODE
Language code of text/sound track or separate title eng
100 1# - MAIN ENTRY--PERSONAL NAME
Personal name Highmore, Sue
245 00 - TITLE STATEMENT
Title For better and for worse.
260 ## - PUBLICATION, DISTRIBUTION, ETC.
Date of publication, distribution, etc. 2010
490 ## - SERIES STATEMENT
Series statement Estates Gazette
Volume/sequential designation (1014) 10 April 2010, 104-105(2)
520 ## - SUMMARY, ETC.
Summary, etc. Advice on easements. Includes information on the definition of an easement, how to recognise one, their longevity, variation and termination and suggestions for further reading.
590 ## - LOCAL NOTE (RLIN)
Local note KA
651 #4 - SUBJECT ADDED ENTRY--GEOGRAPHIC NAME
Geographic name ENGLAND AND WALES
690 ## - LOCAL SUBJECT ADDED ENTRY--TOPICAL TERM (OCLC, RLIN)
Topical term or geographic name as entry element Boundary disputes
9 (RLIN) 6221
942 ## - ADDED ENTRY ELEMENTS (KOHA)
Suppress in OPAC 0
Holdings
Withdrawn status Lost status Source of classification or shelving scheme Damaged status Not for loan Home library Current library Shelving location Date acquired Total Checkouts Full call number Barcode Date last seen Copy number Price effective from Koha item type
    Dewey Decimal Classification     London London Journal article 21/04/2010   L149766 149766-1001 06/08/2019 1 06/08/2019 Journal article